000 00621nam a2200181Ia 4500
008 151202s9999||||xx |||||||||||||| ||und||
082 _bPNVM-64182
100 _aराजे नयना.
245 _aजाहल्या काही चूका.
260 _b"पारस पब्लिकेशन्स, कोल्हापूर."
260 _c64182
300 _a232
600 _aराजे नयना.
630 _aजाहल्या काही चूका.
700 _aराजे नयना.
730 _aजाहल्या काही चूका.
942 _cBOOK
999 _c1330715
_d1330712